Представление документа в формате RUSMARC

ПолеНазваниеЗначение
  Тип записи a
  Библиографический уровень m
001 Контрольный номер UONB/MAIN/0b2fd984967f4a4abd9c1e0ff04b370e
005 Дата корректировки 20260513155327.7
010 Индекс ISBN __
9 Тираж 22000 экз.
100 Данные общей обработки __
a Данные общей обработки 20260506d1974 u y0rusy0189## ca
101 Язык документа 0_
a Язык текста rus
102 Страна публикации __
a Страна публикации RU
105 Кодированные данные (монография) __
a Кодированные данные (монография) a z 000yy
200 Заглавие и сведения об ответственности 1_
a Заглавие Овощные и бахчевые культуры в пленочных теплицах
f Первые сведения об ответственности Л. М. Шульгина
203 Вид содержания и тип средства __
a Вид содержания Текст
b Характеристика содержания визуальный
c Тип средства непосредственный
210 Выходные данные 1_
a Место издания Киев
c Издательство Урожай
d Дата издания 1974
215 Физическое описание __
a Объем 144 с.
c Иллюстрации/тип воспроизводства ил.
d Формат 20 см
606 Тематические рубрики 0_
a Основная рубрика Овощные культуры
x Основная подрубрика Возделывание в защищенном грунте
y Географическая подрубрика УССР
606 Тематические рубрики 0_
a Основная рубрика Бахчевые культуры
x Основная подрубрика Возделывание в защищенном грунте
y Географическая подрубрика УССР
606 Тематические рубрики 0_
a Основная рубрика Овощная рассада
x Основная подрубрика Выращивание
y Географическая подрубрика УССР
610 Ключевые слова 0_
a Ключевые слова выращивание овощных культур; выращивание овощной рассады; бахчевые культуры; бахчевые культуры; бахчевые культуры - выращивание; выращивание бахчевых культур
686 Индексы других классификаций __
a Классификационный индекс 42.340.2
2 Код системы rubbk
700 Автор _1
a Фамилия Шульгина
b Имя (инициалы) Л. М.
g Полное личное имя Людмила Михайловна
801 Источник записи _0
a Страна RU
b Организация Ульяновская ОНБ
c Дата составления 20260506
g Правила каталогизации RCR
801 Источник записи _1
a Страна RU
b Организация Ульяновская ОНБ
c Дата составления 20260506
g Правила каталогизации RCR
901 Тип документа __
t Тип документа m
909 Создатель записи __
a Создатель записи Полковникова
b Дата создания записи 20260506